Quizzes
Events
Quiz Creation
Community
Videos
Private Events
Remove Ads
Sign In
Join for FREE
Feedback
Dark Mode
Quiz Categories
Sports
Geography
Music
Movies
Television
Just For Fun
Miscellaneous
History
Literature
Language
Science
Gaming
Entertainment
Religion
Holiday
For Kids
Quiz Lab
Recent
Popular Today
Quiz Kudos Today
Editor Picks
Curator Picks
Quizzes by...
Day
Popularity
Type
Ratings
Length
Year
Community
Subscriptions
Recent Discussions
Orange Saloon
Badges
Playlists
Quests
Create
Leaderboards
Showdown
Live 5
Trivia Bingo
Activity
Puzzle Library
Sporcle Events
Private Events
Virtual Trivia
Globe League
Become a Host
Pub Owners
SporcleCon
Opinionation
Our Games
Videos
Blog
Mobile Apps
Partnerships
Remove Ads and Go Orange
Feedback
Just For Fun
Clickable
Get the Picture
Humor
Quick Pick
Word Ladder
Missing Word
Mixed Word
Blitz
Minefield
This or That
Alphabet
Color
Typing
Sporcle
Puzzle
Word Play
Follow That Line
Logic
Just For Fun
Clickable
Get the Picture
Humor
Quick Pick
Word Ladder
Missing Word
Mixed Word
Blitz
Minefield
This or That
Alphabet
Color
Typing
Sporcle
Puzzle
Word Play
Follow That Line
Logic
Random Quiz
Search Sporcle
×
Quiz Lab
Quiz Lab
Just For Fun
Camera
Type in answers that appear in a list
Type in answers that appear in a list
Classic
Best Score? Go Orange.
Nikon DSLR's Stats
Can you name the Nikon DSLR's?
By
JacyNorgaard
4m
28 Questions
102 Plays
102 Plays
102 Plays
Comments
Comments
Give Quiz Kudos
Give Quiz Kudos
-
- Ratings
hide this ad
Replay
Link that replays current quiz
Next Quiz
Link to next quiz in quiz playlist
You Got
0%
They Got
Avg Score
66%
Avg Friend Score
Upgrade to see
Score Distribution
Jump to the score distribution portion of the page
Score
0/28
Timer
04:00
0
Plays Today
Year of Release
Camera Name
% Correct
2007
D3
100%
2004
D70
98%
2005
D50
97.1%
1999
D1
94.1%
2007
D300
93.1%
2008
D60
91.2%
2006
D40
90.2%
2008
D90
90.2%
2006
D80
88.2%
2008
D700
85.3%
2009
D5000
77.5%
2005
D200
76.5%
2002
D100
75.5%
2009
D3000
73.5%
Year of Release
Camera Name
% Correct
2011
D5100
72.5%
2010
D3100
71.6%
2010
D7000
71.6%
2008
D3x
61.8%
2001
D1X
55.9%
2009
D3s
52.9%
2004
D2X
49%
2009
D300s
48%
2007
D40x
36.3%
2003
D2H
30.4%
2005
D70s
28.4%
2001
D1H
25.5%
2006
D2Xs
14.7%
2005
D2Hs
11.8%
Quiz Playlist
Details
Report
Send in Message
Add To Playlist
Classic:
Type in answers that appear in a list
Last Updated: Feb 16, 2017
Quiz Scoreboard
CHALLENGE
Sign Up to Join the Scoreboard
Show All
Scores
Hide
Comments
May contain spoilers
Recently Published
Decade Duel: World Leaders
by jenniferyan
History
4m
Alphabetical 'K' Countries by Flag Minefield
by ylime102
Geography
3m
Pick 6: Fruits
by JohnFran
Miscellaneous
15s
More to Explore
Quiz From the Vault
Featured Blog Post
15 Basketball Trivia Facts You Can Be March Mad About
hide this ad
You Might Also Like...
Tags
Camera
release
Today's Top Quizzes in Just For Fun
Browse Just For Fun
hide this ad
Today's Top Quizzes in Camera
Browse Camera
Top Contributed Quizzes in Just For Fun
1
Seasons
2
Pick 6: Letters
3
Pick 6: Foods
4
Pick 6: Colors
5
Quick Pick: Spring Things
6
Four Seasons
7
Dragon Ball Z Logic Quiz
8
Happy Tree Friends Logic Puzzle
9
Erkennst du die Lieblingsgerichte der watsons?
10
Just Another 1-25 Logic Puzzle
Explore More
Trending Topics
Harry Potter
NBA
Kpop
Crossword
Marvel
Disney
Anime
The Office
Soccer
Country
Puzzle
Pokémon
WWE
Song
NFL
hide this ad
More By:
JacyNorgaard
Quiz
Plays
Rating
Category
Featured
Created
CMA Songs of the Year
7,115
4.38
Music
Apr 16, 2010
Nikon DSLR's
102
5.00
Just For Fun
May 5, 2011
4 biggest events held at HHH Metrodome
86
2.00
Sports
Apr 16, 2010
Go to Creator's Profile
Score Distribution
Quiz Creator Spotlight
JacyNorgaard
Follow
Send a Message
Quizzes Created
-
Created Quiz Play Count
-
More By This Creator
Popular Quizzes Today
1
Countries of Asia Without Outlines Minefield
2
Find the US States - No Outlines Minefield
3
Pick 6: Fruits
4
Alphabetical 'K' Countries by Flag Minefield
5
The Countries of the World
6
Find the Countries of Europe - No Outlines Minefield
7
Find the US States
8
US States
More Just For Fun Quizzes
Missing Word: Artists With Top 10 Hits: O
Published
Trending Quizzes
Pick 6: Mountains
Pick 6: Harry Potter
Pick 6: Flags
Pick 6: NFL Teams
Pick 6: Movie Franchises
Recently Updated
Adaptations: Name the Title
pecheneg
NWSL Teams
pecheneg
Women's Final Four Teams by Year
bhenderson79
Presidents Quartet II
eogle
Anything But Clue(do)
eogle
Anything But Oceanian Capitals
eogle
Anything But 7
eogle
Anything But Thing
eogle
Word Ladder: February 29
pecheneg
Song Title Questions
pecheneg
Trending Topics
Disney
Anime
Harry Potter
Crossword
NBA
Kpop
Marvel
Pokémon
Puzzle
Country
Song
NFL
WWE
Soccer
The Office
Your Account Isn't Verified!
In order to create a playlist on Sporcle, you need to verify the email address you used during registration. Go to your
Sporcle Settings
to finish the process.
Report this User
Report this user for behavior that violates our
Community Guidelines
.
Details:
Send Report
Go to the Sporcle.com Mobile Site →
Comments